<?xml version="1.0" encoding="UTF-8"?><?xml-stylesheet type="text/xsl" href="static/style.xsl"?><OAI-PMH xmlns="http://www.openarchives.org/OAI/2.0/" xmlns:xsi="http://www.w3.org/2001/XMLSchema-instance" xsi:schemaLocation="http://www.openarchives.org/OAI/2.0/ http://www.openarchives.org/OAI/2.0/OAI-PMH.xsd"><responseDate>2026-06-05T16:16:33Z</responseDate><request verb="GetRecord" identifier="oai:riubu.ubu.es:10259/10180" metadataPrefix="marc">https://riubu.ubu.es/oai/request</request><GetRecord><record><header><identifier>oai:riubu.ubu.es:10259/10180</identifier><datestamp>2025-02-08T01:05:24Z</datestamp><setSpec>com_10259_9735</setSpec><setSpec>com_10259_5086</setSpec><setSpec>com_10259_2604</setSpec><setSpec>com_10259_4219</setSpec><setSpec>com_10259_6688</setSpec><setSpec>com_10259_4141</setSpec><setSpec>col_10259_10182</setSpec><setSpec>col_10259_4220</setSpec><setSpec>col_10259_6689</setSpec><setSpec>col_10259_4142</setSpec></header><metadata><record xmlns="http://www.loc.gov/MARC21/slim" xmlns:doc="http://www.lyncode.com/xoai" xmlns:xsi="http://www.w3.org/2001/XMLSchema-instance" xmlns:dcterms="http://purl.org/dc/terms/" xsi:schemaLocation="http://www.loc.gov/MARC21/slim http://www.loc.gov/standards/marcxml/schema/MARC21slim.xsd">
<leader>00925njm 22002777a 4500</leader>
<datafield tag="042" ind1=" " ind2=" ">
<subfield code="a">dc</subfield>
</datafield>
<datafield tag="720" ind1=" " ind2=" ">
<subfield code="a">Jiménez Barrios, María</subfield>
<subfield code="e">author</subfield>
</datafield>
<datafield tag="720" ind1=" " ind2=" ">
<subfield code="a">González Bernal, Jerónimo</subfield>
<subfield code="e">author</subfield>
</datafield>
<datafield tag="720" ind1=" " ind2=" ">
<subfield code="a">Santamaría Peláez, Mirian</subfield>
<subfield code="e">author</subfield>
</datafield>
<datafield tag="720" ind1=" " ind2=" ">
<subfield code="a">Collazo Riobó, Carla</subfield>
<subfield code="e">author</subfield>
</datafield>
<datafield tag="720" ind1=" " ind2=" ">
<subfield code="a">Cubo Delgado, Esther</subfield>
<subfield code="e">author</subfield>
</datafield>
<datafield tag="720" ind1=" " ind2=" ">
<subfield code="a">Trejo Gabriel y Galán, José Mª</subfield>
<subfield code="e">author</subfield>
</datafield>
<datafield tag="720" ind1=" " ind2=" ">
<subfield code="a">Matthews, Martin J. A.</subfield>
<subfield code="e">author</subfield>
</datafield>
<datafield tag="720" ind1=" " ind2=" ">
<subfield code="a">González Santos, Josefa</subfield>
<subfield code="e">author</subfield>
</datafield>
<datafield tag="260" ind1=" " ind2=" ">
<subfield code="c">2025-01</subfield>
</datafield>
<datafield tag="520" ind1=" " ind2=" ">
<subfield code="a">Importance: A dynamic elastomeric fabric orthosis could be a novel nonpharmacological treatment of motor symptoms among people with Parkinson’s disease (PD).&#xd;
&#xd;
Objective: To evaluate the efficacy of the orthosis in improving manual dexterity among people with PD.&#xd;
&#xd;
Design: A randomized trial with 60 participants (control group, n = 20; experimental group, n = 40). Manual dexterity was assessed in on–off states of the disease, with and without the orthosis.&#xd;
&#xd;
Setting: Burgos University Hospital (Burgos, Spain).&#xd;
&#xd;
Participants: Consecutive nonprobabilistic sampling. Patients were included if they had been diagnosed with PD, had motor symptoms in at least one upper limb, and attended the hospital’s neurology department. Participants were ages 48 to 89 yr, with an average disease duration of 5.38 yr (SD = 4.23). Exclusion criteria were tremor due to another neurological disease or a Montreal Cognitive Assessment score ≤26.&#xd;
&#xd;
Intervention: The experimental group used the orthosis on the most affected upper limb for 2 mo; the control group participants did not receive the orthosis.&#xd;
&#xd;
Outcomes and Measures: Manual dexterity was measured with the Purdue Pegboard Test, Minnesota Manual Dexterity Test, and Square Test. Paired t tests for related samples and analysis of covariance tests were used.&#xd;
&#xd;
Results: Some participants improved on some manual dexterity items while wearing the orthosis. However, it was not sustained when the orthosis was removed after 2 mo of use.&#xd;
&#xd;
Conclusions and Relevance: The orthosis may improve certain aspects of manual dexterity and functionality among people with PD, but only while it is worn.&#xd;
&#xd;
Plain-Language Summary: The common motor symptoms and declines in manual dexterity that people with Parkinson’s disease (PD) experience can significantly affect their ability to perform activities of daily living as well as their quality of life. Manual dexterity is a strong predictor of the level of functional independence for people with PD. This study evaluated the efficacy of an elastomeric fabric orthosis to improve manual dexterity for people with PD. The study found that while wearing the orthosis the motor symptoms of PD were reduced and manual dexterity and upper limb functionality improved. Wearing the orthosis has the potential to enhance functionality, foster greater autonomy, and substantially improve the quality of life of people with PD.</subfield>
</datafield>
<datafield tag="024" ind2=" " ind1="8">
<subfield code="a">0272-9490</subfield>
</datafield>
<datafield tag="024" ind2=" " ind1="8">
<subfield code="a">http://hdl.handle.net/10259/10180</subfield>
</datafield>
<datafield tag="024" ind2=" " ind1="8">
<subfield code="a">10.5014/ajot.2025.050723</subfield>
</datafield>
<datafield tag="024" ind2=" " ind1="8">
<subfield code="a">1943-7676</subfield>
</datafield>
<datafield ind1=" " ind2=" " tag="653">
<subfield code="a">Orthotic devices</subfield>
</datafield>
<datafield ind1=" " ind2=" " tag="653">
<subfield code="a">Parkinson disease</subfield>
</datafield>
<datafield ind1=" " ind2=" " tag="653">
<subfield code="a">Motor symptoms</subfield>
</datafield>
<datafield ind1=" " ind2=" " tag="653">
<subfield code="a">Non-pharmacological treatment</subfield>
</datafield>
<datafield ind1=" " ind2=" " tag="653">
<subfield code="a">Dynamic elastomeric fabric orthosis</subfield>
</datafield>
<datafield ind1=" " ind2=" " tag="653">
<subfield code="a">Manual dexterity</subfield>
</datafield>
<datafield tag="245" ind1="0" ind2="0">
<subfield code="a">Impact of a Dynamic Orthosis on Manual Dexterity Among People With Parkinson’s Disease: A Randomized Trial</subfield>
</datafield>
</record></metadata></record></GetRecord></OAI-PMH>